Historia económica y social de Costa Rica (1750-1950) /
El documento consiste en una crítica sistemática de las concepciones míticas del pasado de Costa Rica, del tipo "democracia rural", una caracterización detallada de la herencia colonial costarricense, una explicación histórica de las condiciones económicas y sociales en que surgió y de des...
Guardado en:
| Hovedforfatter: | |
|---|---|
| Andre forfattere: | |
| Format: | Bog |
| Sprog: | Spanish |
| Udgivet: |
San José, Costa Rica
Editorial Porvenir
1991
|
| Udgivelse: | 1era. edición |
| Serier: | Colección Debate
|
| Fag: | |
| Tags: |
Tilføj Tag
Ingen Tags, Vær først til at tagge denne postø!
|
MARC
| LEADER | 00000nam a22000007a 4500 | ||
|---|---|---|---|
| 003 | cru CIDCACS/IIS | ||
| 005 | 20230522132300.0 | ||
| 008 | 180518b1991 cr db|||||||||||| ||spa|| | ||
| 020 | |a 9977-944-48-2 | ||
| 040 | |c cru CIDCACS/IIS | ||
| 090 | |a 03.01.03 A189h | ||
| 100 | 1 | |9 656 |a Acuña Ortega, Víctor Hugo |e Autor | |
| 245 | 1 | 0 | |a Historia económica y social de Costa Rica (1750-1950) / |c Víctor Hugo Acuña Ortega, Iván Molina Jiménez |
| 250 | |a 1era. edición | ||
| 260 | |a San José, Costa Rica |b Editorial Porvenir |c 1991 | ||
| 300 | |a 214 páginas | ||
| 440 | 0 | |9 7169 |a Colección Debate | |
| 500 | |a Colección Alforja | ||
| 520 | 3 | |a El documento consiste en una crítica sistemática de las concepciones míticas del pasado de Costa Rica, del tipo "democracia rural", una caracterización detallada de la herencia colonial costarricense, una explicación histórica de las condiciones económicas y sociales en que surgió y de desarrolló el capitalismo agrario. | |
| 650 | 1 | 7 | |9 143 |a ECONOMIA |
| 650 | 1 | 7 | |9 136 |a HISTORIA |
| 650 | 1 | 7 | |9 2081 |a SOCIOLOGIA |
| 650 | 1 | 7 | |9 5915 |a HISTORIA ECONOMICA |
| 650 | 1 | 7 | |9 625 |a HISTORIA SOCIAL |
| 650 | 1 | 0 | |9 64 |a CAPITALISMO |
| 650 | 1 | 7 | |9 587 |a CAFE |
| 650 | 1 | 7 | |9 24 |a CLASES SOCIALES |
| 650 | 1 | 7 | |9 674 |a CONFLICTOS SOCIALES |
| 650 | 1 | 7 | |9 3471 |a PRODUCTORES |
| 650 | 1 | 7 | |9 4339 |a VIDA COTIDIANA |
| 650 | 1 | 7 | |9 7 |a SINDICATOS |
| 650 | 1 | 0 | |9 30 |a OCUPACIONES |
| 651 | 1 | 0 | |9 32 |a COSTA RICA |
| 700 | 1 | 0 | |a Molina Jiménez, Iván |e Coautor |9 1957 |
| 942 | |2 ddc |c LI |h 03.01.03 A189h |i 19501 |6 030103_A189H_19501 | ||
| 999 | |c 41441 |d 41441 | ||



